Online
Catalog

El sentido masónico de la vida y la obra de Duarte. / (Record no. 53485)

MARC details
000 -CABECERA
campo de control de longitud fija 01480nam a2200337 i 4500
003 - IDENTIFICADOR DEL NÚMERO DE CONTROL
campo de control DO-SdBNP
005 - FECHA Y HORA DE LA ÚLTIMA TRANSACCIÓN
campo de control 20250129073606.0
006 - CÓDIGOS DE INFORMACIÓN DE LONGITUD FIJA--CARACTERÍSTICAS DEL MATERIAL ADICIONAL
campo de control de longitud fija a||||gr|||| 00| 0
007 - CAMPO FIJO DE DESCRIPCIÓN FÍSICA--INFORMACIÓN GENERAL
campo de control de longitud fija ta
008 - DATOS DE LONGITUD FIJA--INFORMACIÓN GENERAL
campo de control de longitud fija 230511t2022 dr |||g |||| 001 edspa d
020 ## - NÚMERO INTERNACIONAL ESTÁNDAR DEL LIBRO
Número Internacional Estándar del Libro 9789945457698
040 ## - FUENTE DE LA CATALOGACIÓN
Centro catalogador/agencia de origen DO-SdBNP
Lengua de catalogación spa
Centro/agencia transcriptor BNPHU
Normas de descripción rda
082 #4 - NÚMERO DE LA CLASIFICACIÓN DECIMAL DEWEY
Número de edición 22
Número de documento/Ítem D812P
100 1# - ENTRADA PRINCIPAL--NOMBRE DE PERSONA
Nombre de persona Patín Veloz, Enrique
9 (RLIN) 3425
245 ## - MENCIÓN DE TÍTULO
Título El sentido masónico de la vida y la obra de Duarte. /
Mención de responsabilidad, etc. Enrique Patín Veloz; arte y diseño de la edición, Yris M. Cuevas; prólogo, Juan Daniel Balcácer
264 ## - PRODUCCIÓN, PUBLICACIÓN, DISTRIBUCIÓN, FABRICACIÓN Y COPYRIGHT
Producción, publicación, distribución, fabricación y copyright Santo Domingo :
Nombre del de productor, editor, distribuidor, fabricante Sociedad Dominicana de Bibliófilos, INC.
Fecha de producción, publicación, distribución, fabricación o copyright 2022
300 ## - DESCRIPCIÓN FÍSICA
Extensión 203 páginas ;
Dimensiones 21 cm.
336 ## - TIPO DE CONTENIDO
Fuente rdaconten
Término de tipo de contenido texto
Código de tipo de contenido txt
337 ## - TIPO DE MEDIO
Fuente rdamedia
Nombre/término del tipo de medio sin medición
Código del tipo de medio n
338 ## - TIPO DE SOPORTE
Fuente rdacarrier
Nombre/término del tipo de soporte volumen
Código del tipo de soporte nc
490 ## - MENCIÓN DE SERIE
Mención de serie Bibliófilos 2000 ;
Designación de volumen o secuencia 40
500 ## - NOTA GENERAL
Nota general Incluye bibliografía y notas al pie de páginas
504 ## - NOTA DE BIBLIOGRAFÍA, ETC.
Nota de bibliografía, etc. Bibliografía: página 190
505 ## - NOTA DE CONTENIDO CON FORMATO
Nota de contenido con formato Prólogo.
505 ## - NOTA DE CONTENIDO CON FORMATO
Nota de contenido con formato Introducción
Título Los primeros años.--
-- Primera Serie de Viajes (1830-1833).--
-- La labor preparatoria de Duarte (1834-1838).--
-- Segunda Serie de Viajes (1841-1844).--
-- Luchas Políticas.--
-- Tercera Serie de Viajes (1844-1864).--
-- Apéndice.--
-- El Diario de Duarte.
590 ## - NOTA LOCAL (RLIN)
Nota local Inventariado 2023 / MF
700 1# - PUNTO DE ACCESO ADICIONAL--NOMBRE DE PERSONA
Nombre de persona Cuevas, Yris M.
Término indicativo de función/relación edición
9 (RLIN) 83362
700 1# - PUNTO DE ACCESO ADICIONAL--NOMBRE DE PERSONA
Nombre de persona Balcácer, Juan Daniel,
Fechas asociadas al nombre 1949-
Término indicativo de función/relación prólogo
9 (RLIN) 6566
710 1# - PUNTO DE ACCESO ADICIONAL--NOMBRE DE ENTIDAD CORPORATIVA
9 (RLIN) 80697
Nombre de entidad corporativa o nombre de jurisdicción como elemento de entrada Republica Dominicana
Unidad subordinada Comisión Permanente de Efemérides Patrias
942 ## - ELEMENTOS DE PUNTO DE ACCESO ADICIONAL (KOHA)
Fuente del sistema de clasificación o colocación Dewey Decimal Classification
Tipo de ítem Koha Libro
Holdings
Estado de retiro Estado de pérdida Fuente del sistema de clasificación o colocación Restricciones de uso No para préstamo Código de colección Localización permanente Ubicación/localización actual Ubicación en estantería Fecha de adquisición Fuente de adquisición Total de préstamos Signatura topográfica completa Código de barras Fecha visto por última vez Precio válido a partir de Tipo de ítem Koha Número de copia
    Dewey Decimal Classification Excluido de préstamo   Patrimonio Dominicano Biblioteca Nacional Pedro Henríquez Ureña Biblioteca Nacional Pedro Henríquez Ureña En catalogación 23.01.2023 Depósito legal / Editora Búho   D812P 2023-1742 11.05.2023 11.05.2023 Libro  
    Dewey Decimal Classification Excluido de préstamo   Patrimonio Dominicano Biblioteca Nacional Pedro Henríquez Ureña Biblioteca Nacional Pedro Henríquez Ureña En catalogación 23.01.2023 Depósito legal / Editora Búho   D812P 2023-1743 11.05.2023 11.05.2023 Libro e.2
    Dewey Decimal Classification Préstamo en sala   Dominicana de Servicio Biblioteca Nacional Pedro Henríquez Ureña Biblioteca Nacional Pedro Henríquez Ureña En catalogación 23.01.2023 Depósito legal / Editora Búho   D812P 2023-1744 11.05.2023 11.05.2023 Libro e.3

Powered by Koha